000 00518nam a2200133Ia 4500
008 160809s9999 xx 000 0 und d
100 _aCheng, Su-Yin.
245 _aDo Firms Announcing Cash Refund Capital Reductions have Investment Value?
245 _cSu-Yin Cheng Han Hou.
260 _bInternational Research Journal of Applied Finance
260 _cMayo-16
650 _xFINANCE
856 _uhttps://nebula.wsimg.com/6d4d4a000e96ec305572adfb5f5f8ed1?AccessKeyId=A83663472B839ECDD54B&disposition=0&alloworigin=1
999 _c300015
_d300015